000 00543nam a2200157 4500
001 148728
003 ES-MaACL
005 20230906202758.0
007 t|
008 070214s1936 sp r ||||1| spa d
100 1 _aSuárez, Adriano.
_9108537
245 1 0 _aVida del M. R. P. Fr. Juan G. Arintero, Maestro en Sagrada Teología, de la Orden de Predicadores /
_cpor el Padre Fr. Adriano Suárez, O. P.
260 _aCádiz :
_b[s. n.],
_c1936 (
_fImp. de Salvador Repeto)
300 _a2 v. ;
_c21 cm.
852 _aES-MaACL
_jA-5209-10
_bR.18181
999 _c148728
_d148728